000 00519nam a2200181Ia 4500
008 090123s9999 xx 000 0 und d
082 _b42394
100 _aनलगे दिलीप
245 _aजननायक शरद पवार
250 _a1
260 _c2007
300 _a176
600 _aनलगे दिलीप
630 _aजननायक शरद पवार
700 _aनलगे दिलीप
730 _aजननायक शरद पवार
942 _cBOOK
999 _c80470
_d80470